000 00697nam a2200253Ia 4500
003 OSt
005 20220918163804.0
006 a|||||r|||| 00| 0
007 ta
008 220917b |||||||| |||| 00| 0 eng d
020 _a0300016654
024 _a17,940
037 _cTextual
040 _aARTS
_cARTS
_beng
041 _2eng
_aeng
082 _aO111,1M30:g, L4
100 _aKher Inder Nath
_915393
245 0 _aLandscape of absence
_b Emily Dickinson's poetry
260 _aNew Haven
_bYale University Press
_c1974
300 _a354p.
_ccm.
650 _aENGLISH LITERATURE
942 _hO111,1M30:g, L4
_cTEXL
_2CC
999 _c121551
_d121551